000 00630nam a2200193 i 4500
001 bg
245 0 _aFlora ojczysta :
_brośliny pospolite, chronione, ciekawe : [dokument elektroniczny] /
_cIreneusz R. Moraczewski [et.al.].
250 _aWersja 2000 PL.
260 _aWarszawa :
_bStigma,
_c2000.
300 _a1 dysk optyczny (CD ROM).
500 _aWymagania systemowe: MS Windows 95 PL, MS Windows 98 PL i MS Windows NT 4.0 PL.
650 9 _aFlora
_zPolska
700 1 _aMORACZEWSKI, Ireneusz R.
040 _cBPK
041 _apol
080 _a581.9(438)
942 _cCD
008 s pl f |000 0 pol
999 _c24010
_d24010
856 _uhttp://koha.tu.koszalin.pl/cgi-bin/koha/opac-detail.pl?biblionumber=24010
_yKatalog online BPK